banner-ar

مصر وافريقيا : (Record no. 51788)

MARC details
000 -الفاتح
حقل البيانات ثابتة الطول 01357nam a2200241Ia 4500
005 - وقت وتاريخ اخر تعامل مع التسجيلة
رقم الضبط 20240530104924.0
008 - عناصر البيانات ثابتة الطول - معلومات عامة
حقل البيانات ثابتة الطول 140319s1996 ua b 000 0 ara d
017 ## - رقم الايداع القانونى
رقم الايداع القانونى 1996/10640
المصدر ( الهيئة المختصة) مصر. دار الكتب المصرية
020 ## - الرقم الدولى المعيارى للكتب
الرقم الدولى المعيارى للكتاب 9770149918
040 ## - مصدر الفهرسة
وكالة الفهرسة الأصلية GCL /
وكالة النسخ GCL
082 04 - رقم تصنيف ديوى العشرى
رقم الطبعة 21
رقم التصنيف 960/
رقم المادة ق/ل م
110 1# - المدخل الرئيسى - إسم هيئة
اسم الهيئة أو اسم السلطة كمدخل لجنة التاريخ والاثار بالمجلس الاعلى للثقافة
245 10 - بيان العنوان
العنوان مصر وافريقيا :
بقية العنوان الجذور التاريخية للمشكلات الافريقية المعاصرة : اعمال ندوة لجنة التاريخ والاثار بالمجلس الاعلى للثقافة بالاشتراك مع معهد البحوث والدراسات الافريقية بجامعة القاهرة /
بيان المسئوليه,etc لجنة التاريخ والاثار بالمجلس الاعلى للثقافة، معهد البحوث والدراسات الافريقية
260 ## - PUBLICATION, DISTRIBUTION, ETC. (IMPRINT)
تاريخ النشر أو التوزيع 1996.
300 ## - الوصف المادى
التعداد 787 ص :
تفاصيل ماديه اخرى للوعاء خرائط ؛
أبعاد الوعاء 16 سم.
490 #0 - بيان السلسلة
عنوان السلسلة تاريخ المصريين ؛
رقم المجلد/ التعيين التسلسلي 95.
650 07 - المدخل الاضافى بالموضوع-مصطلح موضوعى
مصدر الرأس أو المصطلح qarmk
مصطلح موضوعي الندوات
651 07 - المدخل الاضافى بالموضوع - اسم جغرافى
مصدر الرأس أو المصطلح qarmk
الاسم الجغرافي مصر
التقسيم الفرعي العام تاريخ
651 07 - المدخل الاضافى بالموضوع - اسم جغرافى
مصدر الرأس أو المصطلح qarmk
الاسم الجغرافي افريقيا
التقسيم الفرعي العام تاريخ
710 1# - المدخل الاضافى - اسم هيئه
اسم الهيئة أو اسم السلطة كمدخل معهد البحوث والدراسات الافريقية
الدور مؤلف مشارك
942 ## - عناصر المدخل الإضافي( كوها)
مصدر التصنيف او مخطط الترفيف Dewey Decimal Classification
Koha [default] item type كتاب
260 ## - PUBLICATION, DISTRIBUTION, ETC. (IMPRINT)
-- القاهرة :
-- الهيئة المصرية العامة للكتاب،
Holdings
حالة التراجع حالة الفقد مصدر التصنيف او خطة الترفيف حالة تلف ليس للاعارة المكان المؤقت الموقع الحالى موقع الترفيف تاريخ الاكتساب اجمالي اﻻعارات رقم الطلب الباركود تاريخ اخر مشاهدة تاريخ تفعيل السعر نوع وعاء كوها
    ddc     مكتبة القاهرة الكبرى مكتبة القاهرة الكبرى   03/26/2014   960/ق/ل م 123923 03/26/2014 03/26/2014 كتاب

Powered By

EGPV